Statistiques concernant Anatomie d'un vélo sur un dessin

Cliquez ici pour prendre le quiz!

Statistiques générales

  • Ce quiz a été pris 338 fois
  • Le résultat moyen est 17 sur 29

Réponses sur la Carte

Les réponses sont colorées sur une échelle allant du rouge au vert en fonction du pourcentage des utilisateurs qui les ont devinées à leur premier essai. Vous pouvez retrouver ces pourcentages ci-dessous.
 

Statistiques - réponses

Réponse% Correct
Selle
79%
Rayons
77%
Pédales
75%
Câbles de frein
73%
Guidon
70%
Pneus
68%
Sonnette
68%
Chaîne
67%
Étrier de frein arrière
63%
Tige de selle
63%
Dérailleur arrière
61%
Jantes
61%
Plateaux
60%
Fourche
59%
Valves
58%
Étrier de frein avant
56%
Roues
54%
Tube de direction
54%
Poignée de frein
51%
Tube horizontal
51%
Manivelle
50%
Tube de selle
48%
Plongeur-guidon
46%
Dérailleur avant
45%
Moyeux
42%
Tube de base arrière
41%
Tube du pédalier
40%
Manette des dérailleurs
38%
Haubans
32%

Distribution des résultats

Percentile par nombre de réponses

% des personnes avec chaque résultat

Votre développement - résultats

Vous n’avez pas pris ce quiz